000
00266nam a2200097Ia 4500
008
240331s9999 xx 000 0 und d
082
_b
POW
100
_a
Edirisinha,R
245
0
_a
Power sharing in Sri lanka constitutional and political documents 1926-2008
942
_c
L
999
_c
5405
_d
5405